Statistiques concernant Les plus longs tunnels routiers de France

Cliquez ici pour prendre le quiz!

Statistiques générales

  • Ce quiz a été pris 93 fois
  • Le résultat moyen est 3 sur 16

Statistiques - réponses

LongueurTunnel% Correct
11 600 mMont-Blanc
97%
12 870 mFréjus
75%
10 000 mDuplex A86
21%
8 602 mSomport
21%
3 182 mÉpine
14%
6 950 mMaurice-Lemaire
14%
4 820 mPuymorens
13%
4 150 mNanterre-La Défense
12%
3 270 mChamoise
8%
3 186 mCol de Tende
8%
3 070 mAragnouet-Bielsa
6%
3 738 mCaluire
5%
3 900 mViolay
5%
3 100 mMont-Sion
4%
3 684 mOrelle
3%
3 336 mRoux
3%

Distribution des résultats

Percentile par nombre de réponses

% des personnes avec chaque résultat

Votre développement - résultats

Vous n’avez pas pris ce quiz